000 00733nam a2200265Ia 4500
003 OSt
005 20221006150906.0
006 a|||||r|||| 00| 0
007 ta
008 221006b |||||||| |||| 00| 0 jpn d
020 _c¥480
024 _a20,128
037 _bGift, Japan Foundation
_cTextual
040 _aEASL
_cEASL
_bjpn
041 _2jpn
_ajpn
082 _aW:19.42.N7, L1
100 _aMUSHAKOHI Kinhide
_9657906
245 0 _aTakyokuka jidai no nihon gaiko
260 _aTokyo
_bTokyo Daigaku Shuppankai Japan
_c1971
300 _a229p.
_ccm.
490 _v JL
650 _aJL
942 _hW:19.42.N7, L1
_cTEXL
_2CC
999 _c1088214
_d1088214